| 000 | 00879nam a2200217 a 4500 | ||
|---|---|---|---|
| 001 | 000245690 | ||
| 003 | AM-YeHGA | ||
| 005 | 20250618071643.0 | ||
| 008 | 030710s1977 ai c|||gr|||||||||0|arm|d | ||
| 040 | _aAM-YeHGA | ||
| 041 | 0 | _aarm | |
| 100 | 1 | _aԳարշին, Վսևոլոդ Միխայլովիչ | |
| 245 | 1 | 0 |
_aՊատմվածքներ / _cՎ.Մ. Գարշին; Թարգմ.՝ Վ. Երկանյան; Առաջաբ.՝ Ստ. Զորյան; Խմբ.՝ Է.Ռ. Մասումյան. |
| 260 |
_aԵրևան : _bՍովետական գրող, _c1977. |
||
| 300 |
_a220 էջ : _b1 թ. դիմանկ. ; _c20 սմ. |
||
| 650 | 1 | 4 |
_aՌուս գրականություն _xՊատմվածք _94645 |
| 700 | 1 |
_aԵրկանյան, Վ. _eթարգմ. _4trl |
|
| 700 | 1 |
_aԶորյան, Ստեփան Եղիայի, _d1890-1967 _eթարգմ. _4trl _eառաջաբ. _4aui _91700 |
|
| 942 |
_2udc _cBK |
||
| 090 | _c88899 | ||
| 999 |
_c87614 _d87614 |
||